00641nam a22001697a 4500082001200000100002400012100002000036100003400056245014500090260002700235300000800262700003900270700004100309700004000350700004400390700003700434 aR/1CH16 aGhulam Hyder Lanjar aRoll No. 16CH27 aSupervisor - Engr. Ahsan Rao  aReview and the Study of Designing and Performance Evaluation of Microbial Fuel Cell for Production the Electric Power by using Tannery Waste aNawabshahbQUESTc2019 a87p aAzhar Ali Shaikh (Roll No. 16CH30) aHizbullah Bhanbhro (Roll No. 16CH10) aNaveed Ahmed Samo (Roll No. 16CH51) aIftikhar Ahmed Soomro (Roll No. 16CH15) aImam Ali Brohi (Roll No. 16CH50)